| 000 | 01029nam a2200205Ia 4500 | ||
|---|---|---|---|
| 999 |
_c40347 _d40347 |
||
| 001 | 6955 | ||
| 003 | GE_BSU | ||
| 005 | 20190701163748.0 | ||
| 008 | 181216s1966|||| |||||||||||||| ||geo|| | ||
| 080 | _a622.48.6(075.8) ქ-84 | ||
| 100 |
_aქუთათელაძე, ა. _93136 |
||
| 245 |
_aმაღაროს პნევმატური დანადგარების დაპროექტება / _cა.ქუთათელაძე ; რედ : ე.გძელიძე ; მხატვ : ს.ბოტკოველი. |
||
| 264 |
_aთბილისი : _bგანათლება, _c1966. |
||
| 300 |
_a168 გვ .: _bცხრ. _c22 სმ. |
||
| 300 | _eცხრ. | ||
| 653 | _aმაღაროს პნევმატური დანადგარების დაპროექტება | ||
| 700 |
_aგძელიძე, ე _eრედაქტორი _92327 |
||
| 700 |
_aბოტკოველი, ს _eმხატვარი _93137 |
||
| 942 |
_cBK _2udc |
||